000 00325nam a2200109Ia 4500
008 171211s9999 xx 000 0 und d
245 _aLogoLounge 8: 2,000 International Identities by Leading Designers
245 _cBill Gardner
260 _c2014
650 _xDesign
856 _uhttp://down.ebook777.com/061/1547048409.pdf
999 _c347938
_d347938